Emilia Azcarate (Record no. 537)

MARC details
000 -LEADER
campo de control de longitud fija 00683nam a22001457a 4500
008 - DATOS DE LONGITUD FIJA--INFORMACIÓN GENERAL
campo de control de longitud fija 150424b xxu||||| |||| 00| 0 eng d
020 ## - NÚMERO INTERNACIONAL ESTÁNDAR DEL LIBRO
Número Internacional Estándar del Libro 9800776079
082 ## - NÚMERO DE LA CLASIFICACIÓN DECIMAL DEWEY
Número de clasificación 708
Número de ítem A 992e
100 ## - ENTRADA PRINCIPAL--NOMBRE DE PERSONA
Nombre de persona Azcarate, Emilia (autor), Aquilina de Azcarate,Ana (curadora), Wilson, Adolfo (curador)
9 (RLIN) 2468
245 ## - MENCIÓN DEL TÍTULO
Título Emilia Azcarate
Mención de responsabilidad, etc. Azcarate, Emilia (autor), Aquilina de Azcarate,Ana (curadora), Wilson, Adolfo (curador)
260 ## - PUBLICACIÓN, DISTRIBUCIÓN, ETC.
Lugar de publicación, distribución, etc. Valencia España
Nombre del editor, distribuidor, etc. Colbert Consultores de Arte
Fecha de publicación, distribución, etc. 2001
300 ## - DESCRIPCIÓN FÍSICA
Extensión 91 p.
Otras características físicas ill. (col)
Dimensiones 22 cm
650 ## - PUNTO DE ACCESO ADICIONAL DE MATERIA--TÉRMINO DE MATERIA
Subdivisión general Azcarate, Emilia
-- Exhibiciones
-- Arte Moderno
-- S. 20
9 (RLIN) 2469
700 ## - ENTRADA AGREGADA--NOMBRE PERSONAL
Nombre de persona Emilia Azcarate, (autor), Ana Aquilina de Azcarate (curadora), Adolfo Wilson (curador)
9 (RLIN) 2470
Holdings
Estatus retirado Estado de pérdida Fuente del sistema de clasificación o colocación Estado de daño No para préstamo Biblioteca de origen Biblioteca actual Ubicación en estantería Fecha de adquisición Total de préstamos Signatura topográfica completa Código de barras Visto por última vez Precio de reemplazo Tipo de ítem Koha
    Clasificación Decimal Dewey     Biblioteca LadoV Biblioteca LadoV   24/04/2015   708 A 992e 000590 24/04/2015 24/04/2015 Material 01